| 000 | 02232cam a22004574i 4500 | ||
|---|---|---|---|
| 003 | PE-LiUPU | ||
| 005 | 20260407114905.0 | ||
| 008 | 150617s r 000 0 d | ||
| 020 | _a8471183056 | ||
| 035 | _a(Sirsi) i9788471183057 | ||
| 040 |
_aPE-LiUPU _bspa _cPE-LiUPU _erda |
||
| 049 | _aPRUA | ||
| 082 | 0 | 4 |
_a200.1 _bT73 _221 |
| 100 | 1 |
_aTorre, José M. de, _eautor. |
|
| 245 | 1 | 0 |
_aFilosofía cristiana / _cJosé M. de Torre. |
| 264 | 1 |
_aMadrid : _bEdiciones Palabra, _c1990. |
|
| 300 |
_a514 páginas ; _c21 centímetros. |
||
| 336 |
_atext _2rdacontent |
||
| 337 |
_aunmediated _2rdamedia |
||
| 338 |
_avolume _2rdacarrier |
||
| 505 | 0 | _aEl aprendizaje teológico -- La teología como ciencia -- El ejercicio filosófico de la razón como instrumento de la teología -- Desarrollo de la teología en la cristiandad -- Disposición del cristianismo hacia la filosofía -- La naturaleza de la filosofía -- Metafísica o filosofía primera -- Otros aspectos de la filosofía cristiana y su relevancia teológica -- El método de la metafísica -- Introducción general a la metafísica -- El punto de partida del camino de la metafísica -- Substancia y accidentes -- Potencia y acto -- La esencia -- El acto de ser y la esencia -- La actividad del ente creado -- Ente y causalidad -- Propiedades trascendentales del ente -- Conclusión de la metafísica -- Dios es -- Vías para la demostración de la existencia de Dios -- Dios es Ipsum esse subsisten. | |
| 526 | _aSEG42 | ||
| 526 | _aSEG41 | ||
| 526 | _aSEG40 | ||
| 526 | _aSEG39 | ||
| 526 | _aP94 | ||
| 526 | _aP87 | ||
| 526 | _aP86 | ||
| 526 | _aP85 | ||
| 526 | _aP77 | ||
| 526 | _aP76 | ||
| 526 | _aP35 | ||
| 650 | 0 | 0 |
_aFilosofía cristiana _95133 |
| 910 |
_ajck _bjvq _cjck _d20150616 |
||
| 942 |
_2ddc _cBOOK |
||
| 949 |
_a200.1 T73 _wDEWEY _c1 _i34999 _d2016-4-20 _e2016-4-20 _lCCODEBUL1 _mBUL _n1 _r0 _sY _tBOOK _u2015-6-17 _xTEOLOGIA _PP35 _0COMPRA _o.STAFF. Colección General |
||
| 994 |
_aC0 _bPEPRU |
||
| 596 | _a1 | ||
| 999 |
_a200.1 T73 _wDEWEY _c688 _i34999 _d688 _e2019-3-24 _f2021-11-11 _g6 _lCCODEBUL1 _mBUL _n3 _q2 _r0 _sY _tBOOK _u2015-6-17 _xTEOLOGIA _PP35 _0COMPRA _o.STAFF. Colección General |
||
| 980 |
_818226 _gJaime Vilcazán Jefe de Análisis Documental |
||